Prospective participation of Turkey in European integration diplomová práca
Enregistré dans:
| Auteur principal: | |
|---|---|
| Collectivité auteur: | |
| Autres auteurs: | |
| Format: | Livre |
| Langue: | anglais |
| Publié: |
Bratislava
2010
|
| Tags: |
Pas de tags, Soyez le premier à ajouter un tag!
|
MARC
| LEADER | 00000nam a2200000 4500 | ||
|---|---|---|---|
| 001 | 0119521 | ||
| 005 | 20240318114611.9 | ||
| 041 | 0 | |a eng | |
| 044 | |a SK | ||
| 245 | 1 | 0 | |a Prospective participation of Turkey in European integration |b diplomová práca |c Lenka Šeševičková ; škol. Denisa Čiderová |
| 264 | 1 | |a Bratislava |c 2010 | |
| 300 | |a 104 s. | ||
| 100 | 1 | |a Šeševičková, Lenka | |
| 700 | 1 | |a Čiderová, Denisa, 1977- | |
| 710 | 2 | |a Ekonomická univerzita v Bratislave. Ústav medzinárodných programov | |